000 00258nam a22001097a 4500
999 _c260895
_d260894
020 _a0130683876
100 _aGlenview
245 _aReading in Social Studies: Ancient Times
260 _aNew Jersey
_bPrentice Hall
_c2003
300 _a247 pgs
942 _cBK